[Event "FRA-chT Top 16 GpA"]
[Site "Belfort"]
[Date "2025.05.25"]
[Round "4.6"]
[White "Di Nicolantonio, Lucas"]
[Black "Sokolov, Andrei"]
[Result "1-0"]
[WhiteElo "2413"]
[BlackElo "2458"]
[PlyCount "97"]
[EventDate "2025.05.22"]
[EventType "team-tourn"]
[EventRounds "7"]
[EventCountry "FRA"]
[SourceTitle "CB22_2025"]
[SourceDate "2025.05.28"]
[SourceVersion "1"]
[SourceVersionDate "2025.05.28"]
[SourceQuality "1"]
[WhiteTeam "Cannes"]
[BlackTeam "Mulhouse Philidor"]
[WhiteTeamCountry "FRA"]
[BlackTeamCountry "FRA"]

1. e4 c5 2. Nf3 e6 3. c3 Nf6 4. e5 Nd5 5. a3 d6 6. d4 cxd4 7. c4 Nc7 8. Qxd4 Nc6 9. Qc3 d5 10. Be2 Be7 11. 0-0 0-0 12. Qc2 f6 13. exf6 Bxf6 14. Nc3 Nd4 15. Nxd4 Bxd4 16. Bd3 h6 17. Ne2 Be5 18. Bd2 b6 19. Rae1 Bb7 20. Ng3 Bd4 21. Bb4 Rf7 22. Rd1 Bf6 23. Rfe1 Rc8 24. Nh5 Bg5 25. f4 Bf6 26. Bg6 Rd7 27. f5 e5 28. Nxf6+ Qxf6 29. Qe2 e4 30. cxd5 Bxd5 31. Bc3 Qg5 32. Qe3 Qxe3+ 33. Rxe3 Rcd8 34. f6 gxf6 35. Bxf6 Bf7 36. Rxd7 Rxd7 37. Bxe4 Rd1+ 38. Kf2 Bd5 39. Rd3 Rxd3 40. Bxd3 Ne6 41. Be5 Nc5 42. Bf5 Kf7 43. b4 Nb3 44. g4 a5 45. Ke3 axb4 46. axb4 b5 47. Bb2 Bc4 48. h4 Kf8 49. h5 1-0

[Event "SUI-chT"]
[Site "Switzerland"]
[Date "2023.10.15"]
[Round "9.3"]
[White "Heinatz, Gundula"]
[Black "Sokolov, Andrei"]
[Result "1/2-1/2"]
[WhiteElo "2203"]
[BlackElo "2464"]
[PlyCount "136"]
[EventDate "2023.04.16"]
[EventType "team-tourn"]
[EventRounds "9"]
[EventCountry "SUI"]
[SourceTitle "EXT 2025"]
[Source "ChessBase"]
[SourceDate "2024.10.14"]
[SourceVersion "1"]
[SourceVersionDate "2024.10.14"]
[SourceQuality "1"]
[WhiteTeam "Trubschachen"]
[BlackTeam "Geneve"]
[WhiteTeamCountry "SUI"]
[BlackTeamCountry "SUI"]

1. Nf3 c5 2. c4 Nf6 3. g3 b6 4. Nc3 Bb7 5. Bg2 g6 6. 0-0 Bg7 7. d3 0-0 8. e4 Nc6 9. Bf4 d6 10. Qd2 Ng4 11. h3 Nge5 12. Nxe5 dxe5 13. Be3 e6 14. a3 Qe7 15. Rfd1 Rad8 16. Nb5 a6 17. Nc3 Nd4 18. Rab1 f5 19. Bg5 Bf6 20. Bh6 Rf7 21. b4 b5 22. Qa2 f4 23. cxb5 axb5 24. Ne2 cxb4 25. Nxd4 Rxd4 26. Rxb4 Rxb4 27. axb4 Bg7 28. Bxg7 Kxg7 29. Qb2 Qf6 30. Rc1 fxg3 31. fxg3 Qg5 32. Kh2 Kh6 33. Rc5 Qe3 34. Qc1 Qxc1 35. Rxc1 Rd7 36. Rc5 Rxd3 37. Rxb5 Ba6 38. Ra5 Bc4 39. Rc5 Ba6 40. b5 Bb7 41. Rxe5 Rb3 42. g4 Bc8 43. Bf1 Bd7 44. Kg2 Kg7 45. Rc5 Kf6 46. g5+ Ke7 47. e5 Kd8 48. Kf2 Bc8 49. Bc4 Rb2+ 50. Ke3 Rg2 51. b6 Rxg5 52. Kd4 Rg1 53. Rc7 Rb1 54. Kc5 Bd7 55. Ra7 h5 56. Ra8+ Ke7 57. Ba6 Rc1+ 58. Bc4 Rb1 59. Rh8 Be8 60. Bxe6 Rb5+ 61. Kd4 Rxb6 62. Bc4 g5 63. Rh7+ Kd8 64. Be2 g4 65. hxg4 hxg4 66. Rg7 Rg6 67. Rxg6 Bxg6 68. Bxg4 Ke7 1/2-1/2

[Event "SUI-chT"]
[Site "Switzerland"]
[Date "2023.08.26"]
[Round "6.6"]
[White "Sokolov, Andrei"]
[Black "Seps, Monika"]
[Result "1-0"]
[WhiteElo "2464"]
[BlackElo "2237"]
[PlyCount "117"]
[EventDate "2023.04.16"]
[EventType "team-tourn"]
[EventRounds "9"]
[EventCountry "SUI"]
[SourceTitle "EXT 2024"]
[Source "ChessBase"]
[SourceDate "2023.10.10"]
[SourceVersion "1"]
[SourceVersionDate "2023.10.10"]
[SourceQuality "1"]
[WhiteTeam "Geneve"]
[BlackTeam "Reti"]
[WhiteTeamCountry "SUI"]
[BlackTeamCountry "SUI"]

1. e4 c5 2. Nf3 Nc6 3. d4 cxd4 4. Nxd4 e5 5. Nb5 d6 6. N5c3 Be6 7. Nd2 Nf6 8. Bc4 d5 9. exd5 Nxd5 10. Nxd5 Bxd5 11. 0-0 Be7 12. c3 Bxc4 13. Nxc4 Qxd1 14. Rxd1 0-0 15. Be3 Rfd8 16. a4 f6 17. a5 Kf7 18. Kf1 Ke6 19. Rxd8 Rxd8 20. a6 b5 21. Na5 Kd7 22. Nxc6 Kxc6 23. Bxa7 Ra8 24. Be3 Bc5 25. Ke2 f5 26. h4 g6 27. h5 Ra7 28. hxg6 hxg6 29. b3 Bxe3 30. Kxe3 Kb6 31. Rd1 Rxa6 32. Rd6+ Kb7 33. Rd5 e4 34. Rxb5+ Kc7 35. f3 Re6 36. Ra5 Kb6 37. Ra2 g5 38. fxe4 Rxe4+ 39. Kd3 Rf4 40. c4 g4 41. Re2 Rf1 42. b4 f4 43. Re6+ Kc7 44. b5 g3 45. Rg6 Rf2 46. Ke4 Kb7 47. Rg4 Kb6 48. Rxf4 Kc5 49. Rg4 Rxg2 50. Kf3 Rg1 51. Re4 Kb6 52. Re6+ Kb7 53. Rc6 Kb8 54. Kg4 Kb7 55. Kh3 Kb8 56. c5 Rb1 57. Rb6+ Ka7 58. Kxg3 Rb4 59. Kf3 1-0

[Event "FRA-chT Top 16 Gp Haute"]
[Site "Chartres"]
[Date "2023.06.08"]
[Round "1.2"]
[White "Lagarde, Maxime"]
[Black "Sokolov, Andrei"]
[Result "1/2-1/2"]
[WhiteElo "2597"]
[BlackElo "2464"]
[PlyCount "103"]
[EventDate "2023.06.08"]
[EventType "team-tourn"]
[EventRounds "4"]
[EventCountry "FRA"]
[SourceTitle "CBM 214 Extra"]
[Source "ChessBase"]
[SourceDate "2023.07.31"]
[SourceVersion "1"]
[SourceVersionDate "2023.07.31"]
[SourceQuality "1"]
[WhiteTeam "Chartres"]
[BlackTeam "Mulhouse Philidor"]
[WhiteTeamCountry "FRA"]
[BlackTeamCountry "FRA"]

1. e4 c5 2. Nf3 e6 3. d4 cxd4 4. Nxd4 Nf6 5. Nc3 Nc6 6. Ndb5 Bb4 7. a3 Bxc3+ 8. Nxc3 d5 9. exd5 exd5 10. Bd3 0-0 11. Bg5 h6 12. Bh4 Re8+ 13. Ne2 Nd4 14. 0-0 Nxe2+ 15. Bxe2 Qb6 16. Rb1 Bf5 17. Bd3 Ne4 18. Kh1 Qg6 19. Rc1 Nd6 20. Be2 Nc4 21. Bh5 Qe6 22. Bf3 Be4 23. Bg4 Qg6 24. Bh3 Nxb2 25. Qd4 Nc4 26. Bg3 Nxa3 27. f3 Bf5 28. Qxd5 Bxh3 29. gxh3 Qc6 30. Qxc6 bxc6 31. c4 Re2 32. Rf2 Rxf2 33. Bxf2 Rb8 34. Bxa7 Rb1 35. Rxb1 Nxb1 36. Be3 Na3 37. c5 Kf8 38. Kg2 Nc2 39. Bf4 Ke7 40. Be5 Ne3+ 41. Kg3 Ke6 42. Bb2 g6 43. Kf4 Nd5+ 44. Ke4 g5 45. Bc1 f5+ 46. Kd4 Nf4 47. Bxf4 gxf4 48. h4 h5 49. h3 Kf6 50. Kd3 Ke5 51. Kc4 Ke6 52. Kd4 1/2-1/2

[Event "FRA-chT Top 16 GpB"]
[Site "Chartres"]
[Date "2023.06.07"]
[Round "7.2"]
[White "Sokolov, Andrei"]
[Black "Postny, Evgeny"]
[Result "1/2-1/2"]
[WhiteElo "2465"]
[BlackElo "2549"]
[PlyCount "68"]
[EventDate "2023.06.01"]
[EventType "team-tourn"]
[EventRounds "7"]
[EventCountry "FRA"]
[SourceTitle "CBM 214 Extra"]
[Source "ChessBase"]
[SourceDate "2023.07.31"]
[SourceVersion "1"]
[SourceVersionDate "2023.07.31"]
[SourceQuality "1"]
[WhiteTeam "Mulhouse Philidor"]
[BlackTeam "Metz Fischer"]
[WhiteTeamCountry "FRA"]
[BlackTeamCountry "FRA"]

1. e4 e5 2. Nf3 Nc6 3. Bb5 a6 4. Ba4 Nf6 5. 0-0 Be7 6. Re1 b5 7. Bb3 d6 8. c3 Na5 9. Bc2 c5 10. d4 Qc7 11. Nbd2 cxd4 12. cxd4 Bg4 13. h3 Bh5 14. a4 0-0 15. axb5 axb5 16. Bd3 b4 17. Qc2 Qb8 18. b3 Rc8 19. Qb1 Nd7 20. Bb2 Bxf3 21. Nxf3 Bf6 22. dxe5 Nxe5 23. Nxe5 Bxe5 24. Bxe5 dxe5 25. Rd1 Nc6 26. Rxa8 Qxa8 27. Bc4 Nd4 28. Qd3 Qa7 29. Kh1 Rd8 30. Bd5 Ne6 31. Qe3 Qxe3 32. fxe3 Kf8 33. Rc1 Ke7 34. Rc4 Rb8 1/2-1/2

[Event "EU-Cup Online Gr-B"]
[Site "Tornelo INT"]
[Date "2021.03.28"]
[Round "5.3"]
[White "Sokolov, Andrei"]
[Black "Lecky, Juraj"]
[Result "1-0"]
[WhiteElo "2490"]
[BlackElo "2070"]
[PlyCount "93"]
[EventDate "2021.03.27"]
[EventType "team-tourn (rapid)"]
[EventRounds "9"]
[EventCountry "NET"]
[SourceTitle "CBM 201 Extra"]
[Source "ChessBase"]
[SourceDate "2021.05.31"]
[SourceVersion "1"]
[SourceVersionDate "2021.05.31"]
[SourceQuality "1"]
[WhiteTeam "Geneve"]
[BlackTeam "Levice Lions"]
[WhiteTeamCountry "SUI"]
[BlackTeamCountry "SVK"]

1. e4 c5 2. Nf3 d6 3. d4 cxd4 4. Nxd4 Nf6 5. Nc3 a6 6. Be2 e6 7. a4 Be7 8. f4 Nc6 9. Be3 0-0 10. 0-0 Qc7 11. Kh1 Re8 12. Bf3 Rb8 13. g4 Nxd4 14. Bxd4 e5 15. Ba7 Ra8 16. Bf2 Be6 17. g5 Nd7 18. f5 Bc4 19. Rg1 g6 20. Rg2 b5 21. Be3 Qc6 22. f6 Bd8 23. axb5 Bxb5 24. Nxb5 axb5 25. Rxa8 Qxa8 26. Qxd6 Nf8 27. Rg1 Qc8 28. Qc5 Qb7 29. Qd5 Qc8 30. Qxb5 Re6 31. Bg4 Qxc2 32. Bxe6 Qxe4+ 33. Rg2 Qxe3 34. Bd5 e4 35. Qe2 Qd4 36. Qxe4 Qd1+ 37. Rg1 Qd2 38. Re1 Bb6 39. Re2 Qd1+ 40. Kg2 Qg1+ 41. Kh3 Qf1+ 42. Qg2 Qf5+ 43. Qg4 Qf1+ 44. Bg2 Qb1 45. Re8 Qc2 46. Qe4 Qd1 47. Rxf8+ 1-0

[Event "BL2-Sued 1920"]
[Site "Germany"]
[Date "2020.02.09"]
[Round "8.7"]
[White "Sokolov, Andrei"]
[Black "Klekowski, Maciej"]
[Result "1/2-1/2"]
[WhiteElo "2500"]
[BlackElo "2481"]
[PlyCount "88"]
[EventDate "2019.10.19"]
[EventType "team-tourn"]
[EventRounds "11"]
[EventCountry "GER"]
[SourceTitle "CBM 194 Extra"]
[Source "ChessBase"]
[SourceDate "2020.03.31"]
[SourceVersion "1"]
[SourceVersionDate "2020.03.31"]
[SourceQuality "1"]
[WhiteTeam "Emmendingen"]
[BlackTeam "Heusenstamm"]
[WhiteTeamCountry "GER"]
[BlackTeamCountry "GER"]

1. e4 c5 2. Na3 e6 3. c3 Nc6 4. Nf3 d5 5. e5 f6 6. Bb5 Bd7 7. 0-0 fxe5 8. Bxc6 bxc6 9. Nxe5 Nf6 10. d3 Bd6 11. f4 0-0 12. Nc2 Qc7 13. Be3 Be8 14. Qe1 Nd7 15. d4 Bxe5 16. dxe5 Bg6 17. Qd2 a5 18. Ne1 a4 19. Nf3 c4 20. a3 c5 21. Rae1 Rab8 22. Rf2 Qc6 23. Nh4 Be4 24. Qd1 Rf7 25. Qg4 Rbf8 26. Nf3 h6 27. Nd2 Bd3 28. Nf3 Nb6 29. Nh4 Kh7 30. Qh3 d4 31. cxd4 cxd4 32. Bxd4 Rxf4 33. Rxf4 Rxf4 34. Nf3 Bf5 35. Qg3 Nd5 36. h3 Qb7 37. Kh2 Be4 38. Nd2 Bd3 39. Nf3 Be4 40. Nd2 Bd3 41. Nf3 Rf5 42. Qf2 Qf7 43. Qd2 g5 44. Bf2 Qg6 1/2-1/2

[Event "EU-Cup 35th"]
[Site "Ulcinj"]
[Date "2019.11.16"]
[Round "7.11"]
[White "Sokolov, Andrei"]
[Black "Varga, Zoltan"]
[Result "1/2-1/2"]
[WhiteElo "2497"]
[BlackElo "2424"]
[PlyCount "67"]
[EventDate "2019.11.10"]
[EventType "team-swiss"]
[EventRounds "7"]
[EventCountry "MNE"]
[SourceTitle "CBM 193 Extra"]
[Source "ChessBase"]
[SourceDate "2020.01.31"]
[SourceVersion "1"]
[SourceVersionDate "2020.01.31"]
[SourceQuality "1"]
[WhiteTeam "Mulhouse"]
[BlackTeam "Dunajska Streda"]
[WhiteTeamCountry "FRA"]
[BlackTeamCountry "SVK"]

1. e4 Nf6 2. e5 Nd5 3. d4 d6 4. c4 Nb6 5. exd6 cxd6 6. Nc3 g6 7. Be3 Bg7 8. Rc1 0-0 9. Nf3 d5 10. c5 Nc4 11. Bxc4 dxc4 12. Qe2 Be6 13. Ng5 Bd5 14. Nxd5 Qxd5 15. 0-0 b5 16. cxb6 axb6 17. Qxc4 Qxc4 18. Rxc4 Rxa2 19. Rb1 Na6 20. Ne4 b5 21. Rc6 Nb4 22. Rb6 Rfa8 23. g3 Nc2 24. Rxb5 Nxd4 25. Rb7 R2a7 26. Rxa7 Rxa7 27. b4 Rb7 28. Kg2 h6 29. Nc5 Rb5 30. Nd3 Rd5 31. Nf4 Rb5 32. Nd3 Rd5 33. Nf4 Rb5 34. Nd3 1/2-1/2